01566nam a2200313 a 450000500170000000800410001702000080005804100080006610000230007424500710009725000110016826000430017930000160022250001520023865300280039065300460041865300370046465300610050165301390056265301120070165301600081365300640097365300210103765300250105865300250108365300930110870000240120170000270122520240412113706.0101001t1981||||ag a f |||| 001 0 spa d aS/N aspa1 aPichel, Ricardo H. aFunción ventricular.bConceptos básicos / cRicardo H. Pichel. a1a ed. aBuenos Aires: bInter-Médica;c1981. a256 p.bil. aPichel, R. H., Patritti, J. P. y Fuente, L. M. de la. (1981). Función ventricular. Conceptos básicos. (1a ed.). Buenos Aires : Inter-médica. aMagnitudes normalizadas aPropiedades de los materiales elásticos aMecánica del músculo papilar aAnálisis mecánicos de los modelso de Voigt y Maxwell aDeterminantes fundamentales de la función cardíaca. La precarga como factor gemétrico de la poscarga. Variaciones de la precarga aConfiguración anatomoangiográfica del ventrículo normal en las proyecciones radiológicas habituales aEvaluación cualitativa del ventriculograma izquierdo. Análisis crítico de la fracción de eyección. Determinación de los volumenes ventriculares aEvaluación regional de la función ventricular izquierda aMitad de sistole aReserva contráctil aAsinergia reversible aFunción ventricular izquierda y cirugía de revascularización directa del miocardio1 aPatritti, José P.1 aFuente, Luis M. de la